| 000 | 02253nam a2200301 a 4500 | ||
|---|---|---|---|
| 008 | 120416s1978 ||||||||||||||||| || u | ||
| 020 | _a090039420X | ||
| 050 | _aHD 111 Den | ||
| 100 | _aDenman, Donald Robert | ||
| 245 | 1 | 4 | _aThe place of property |
| 246 | _aa new recognition of the function and form of property rights in land | ||
| 260 |
_aBerkhamsted, Herts _bGeographical publications _c1978 |
||
| 300 | _aviii, 150p. | ||
| 350 | _a0.00 | ||
| 650 | _aLAND | ||
| 650 | _aLAND OWNERSHIP--PROPERTY | ||
| 995 |
_aANNEX COLLECTION (Main Library) _D0.00 _e704685 _FCBU-MAIN LIBRARY (Kitwe) _H3 _I0.00 _jHD 111 Den _M1 _UAVAILABLE _y004718 _ZAnnex Low-Usage Collection |
||
| 995 |
_aANNEX COLLECTION (Main Library) _D0.00 _e704687 _FCBU-MAIN LIBRARY (Kitwe) _H4 _I0.00 _jHD 111 Den _M2 _UAVAILABLE _y004719 _ZAnnex Low-Usage Collection |
||
| 995 |
_aTEXTBOOKS (SBE) _D0.00 _e2879 _FCBU-SCHOOL TEXTBOOK COLLECTIONS _H1 _I0.00 _jSCHOOL TEXTBOOK _M11 _UAVAILABLE _WNov 20, 2008 _y2879 _ZSchool Collections |
||
| 995 |
_aTEXTBOOKS (SBE) _D0.00 _e2875 _FCBU-SCHOOL TEXTBOOK COLLECTIONS _H1 _I0.00 _jSCHOOL TEXTBOOK _M10 _UAVAILABLE _WNov 20, 2008 _y2875 _ZSchool Collections |
||
| 995 |
_aTEXTBOOKS (SBE) _D0.00 _e2869 _FCBU-SCHOOL TEXTBOOK COLLECTIONS _H1 _I0.00 _jSCHOOL TEXTBOOK _M8 _UAVAILABLE _WNov 20, 2008 _y2869 _ZSchool Collections |
||
| 995 |
_aTEXTBOOKS (SBE) _D0.00 _e2105 _FCBU-SCHOOL TEXTBOOK COLLECTIONS _H1 _I0.00 _jSCHOOL TEXTBOOK _M6 _UAVAILABLE _WNov 20, 2008 _y2105 _ZSchool Collections |
||
| 995 |
_aTEXTBOOKS (SBE) _D0.00 _e2871 _FCBU-SCHOOL TEXTBOOK COLLECTIONS _H1 _I0.00 _jSCHOOL TEXTBOOK _M9 _UAVAILABLE _WNov 20, 2008 _y2871 _ZSchool Collections |
||
| 995 |
_aTEXTBOOKS (SBE) _D0.00 _e2860 _FCBU-SCHOOL TEXTBOOK COLLECTIONS _H1 _I0.00 _jSCHOOL TEXTBOOK _M7 _UAVAILABLE _WNov 20, 2008 _y2860 _ZSchool Collections |
||
| 995 |
_aANNEX COLLECTION (Main Library) _D0.00 _e704686 _FCBU-MAIN LIBRARY (Kitwe) _H1 _I0.00 _jHD 111 Den _M3 _UAVAILABLE _y004720 _ZAnnex Low-Usage Collection |
||
| 995 |
_aANNEX COLLECTION (Main Library) _D0.00 _e704684 _FCBU-MAIN LIBRARY (Kitwe) _H5 _I0.00 _jHD 111 Den _M5 _UAVAILABLE _y004722 _ZAnnex Low-Usage Collection |
||
| 995 |
_aANNEX COLLECTION (Main Library) _D0.00 _e704688 _FCBU-MAIN LIBRARY (Kitwe) _H2 _I0.00 _jHD 111 Den _M4 _UAVAILABLE _y004721 _ZAnnex Low-Usage Collection |
||
| 999 |
_c81925 _d81925 |
||